Statistics for Most Populated London Boroughs

Click here to take the quiz!

General Stats

  • This quiz has been taken 43 times
  • The average score is 6 of 10

Answer Stats

PopulationAnswer% Correct
386,710Croydon
80%
333,794Enfield
73%
329,771Brent
68%
324,745Tower Hamlets
68%
326,034Lambeth
66%
332,336Bromley
63%
341,806Ealing
61%
353,134Newham
61%
395,869Barnet
56%
329,677Wandsworth
49%

Score Distribution

Percentile by Number Answered

Percent of People with Each Score

Your Score History

You have not taken this quiz